La gran aldea : costumbres bonaerenses /

Guardado en:
Autor Principal: López, Lucio V.
Otros Autores: Blasi, Alberto Oscar, pról.
Formato: Libro
Publicado: Buenos Aires : Huemul, 1965
Series:Colección Clásicos Huemul ; No. 1
Materias:
Etiquetas: Agregar Etiqueta
Sin Etiquetas, Sea el primero en etiquetar este registro!
LEADER 00945nam a22002415a 4500
001 CEM.cems004018
005 20110407085015.0
008 130507s1965##################000#0#####d
003 CEMS
082 0 4 |a A863.3 
100 1 |a López, Lucio V. 
245 1 0 |a La gran aldea :  |b costumbres bonaerenses /  |c Lucio V. Lopez ; traducción, Notas y Vocabulario de Alberto Oscar Blasi 
260 |a Buenos Aires :  |b Huemul,  |c 1965 
300 |a 287 p. 
490 0 |a Colección Clásicos Huemul ; No. 1 
653 |a Literatura 
653 |a Literatura argentina 
700 1 |a Blasi, Alberto Oscar, pról. 
859 |a CEMS  |b BIB. CEMS - 11 de abril  |h A863.3  |i L881  |p 8224.80  |t Ej.1 
859 |a CEMS  |b BIB. CEMS - 11 de abril  |h A863.3  |i L881  |p 8225.80  |t Ej.2 
859 |a CEMS  |b BIB. CEMS - 11 de abril  |h A863.3  |i L881  |p 8226.80  |t Ej.3 
859 |a CEMS  |b BIB. CEMS - 11 de abril  |h A863.3  |i L881  |p 8227.80  |t Ej.4 
859 |a CEMS  |b BIB. CEMS - 11 de abril  |h A863.3  |i L881  |p 8228.80  |t Ej.5